000
nam a22 7a 4500
999
_c
234463
_d
234463
003
Nust
005
20170321114650.0
008
170321b xxu||||| |||| 00| 0 eng d
020
_a
978-81-8356-541-7
040
_c
ASAB
082
_a
574.8
245
_a
Genes to Clone
_c
S.K. Prasad
300
_a
301 p
942
_2
ddc
_c
BK